European Countries in the Top 100 Worldwide - Statistics

General Stats
  • This quiz has been taken 335 times
  • The average score is 19 of 20
Answer Stats
Rank Population Country % Correct
9 145.8 m Russia
100%
22 65.2 m France
99%
30 46.5 m Spain
99%
21 67.5 m United Kingdom
99%
17 83.5 m Germany
98%
23 60.5 m Italy
98%
38 37.9 m Poland
98%
88 10.2 m Portugal
97%
33 44 m Ukraine
97%
97 9 m Austria
95%
87 10.5 m Greece
95%
91 10 m Sweden
95%
68 17 m Netherlands
94%
79 11.5 m Belgium
93%
94 9.7 m Hungary
92%
100 8.6 m Switzerland
92%
86 10.7 m Czech Republic
91%
61 19.4 m Romania
91%
95 9.5 m Belarus
88%
99 8.8 m Serbia
87%
No matching quizzes found
Score Distribution
Percent of People with Each Score
Percentile by Number Answered
Your Score History
You have not taken this quiz